México: preocupación de la iglesia católica. Violan derechos de migrantes centroamericanos /

Salvato in:
Dettagli Bibliografici
Autore principale: Torres, Rubén
Natura: testo
Tags: Aggiungi Tag
Nessun Tag, puoi essere il primo ad aggiungerne!!

MARC

LEADER 00000 a a2200000 04500
001 1405
003
040
100 |a Torres, Rubén  
245 |a México:   |b preocupación de la iglesia católica. Violan derechos de migrantes centroamericanos /  |c Rubén Torres 
773 |g número 69; páginas 14-15  
999 |c 26390  |d 26390